书目信息 |
| 题名: |
中国科学院图书馆图书分类法
|
|
| 作者: | ;中国科学院图书馆 编 | |
| 分册: | 下册 自然科学 综合性图书 | |
| 出版信息: | 北京 科学出版社 1980 |
|
| 页数: | 432页 | |
| 开本: | 26cm | |
| 丛书名: | ||
| 单 册: | ||
| 中图分类: | G254.12 | |
| 科图分类: | ||
| 主题词: | 中国科学院图书馆图书分类法 | |
| 电子资源: | ||
| ISBN: | ||
| 000 | 00796nam2 2200229 45 | |
| 001 | 0179002041 | |
| 005 | 20060816145810.40 | |
| 010 | @b精装@dCNY5.80 | |
| 100 | @a19950814d1980 em y0chiy0121 ea | |
| 101 | 0 | @achi |
| 102 | @aCN@b110000 | |
| 105 | @ay z 000yy | |
| 200 | 10 | @a中国科学院图书馆图书分类法@Azhong guo ke xue yuan tu shu guan tu shu fen lei fa@h下册@i自然科学 综合性图书@f中国科学院图书馆编@Fzhong guo ke xue yuan tu shu guan bian |
| 205 | @a2版 | |
| 210 | @a北京@c科学出版社@d1980 | |
| 215 | @a432页@d26cm | |
| 517 | 1 | @a自然科学 综合性图书@Azi ran ke xue zong he xing tu shu |
| 606 | @a中国科学院图书馆图书分类法 | |
| 690 | @aG254.12@v3 | |
| 711 | 02 | @a中国科学院图书馆@Azhong guo ke xue yuan tu shu guan@4编 |
| 801 | 0 | @aCN@bTSSF@c20060816 |
| 905 | @a10447@dG254.12@e42:2=2 | |
| 中国科学院图书馆图书分类法.下册.自然科学 综合性图书/中国科学院图书馆编.-2版.-北京:科学出版社,1980 |
| 432页;26cm |
| ISBN (精装):CNY5.80 |
| ● |
| 相关链接 |
|
|
|
|
正题名:中国科学院图书馆图书分类法
索取号:G254.12/42:2=2
 
预约/预借
| 序号 | 登录号 | 条形码 | 馆藏地/架位号 | 状态 | 备注 |
| 1 | 0464930 | 204649309 | 密集书库/ [索取号:G254.12/42:2=2] | 在馆 |